Energy: Prices and Taxes Second Quarter 1993

Saved in:
Bibliographic Details
Format: Book
Language:English
Published: Paris OECD 1993
Series:IEA statistics
Subjects:
Tags: Add Tag
No Tags, Be the first to tag this record!

MARC

LEADER 00000nam a2200000 4500
001 c005146
005 20240422071217.9
020 |a 92-64-13986-9 
041 0 |a eng 
044 |a FR 
245 1 0 |a Energy: Prices and Taxes  |b Second Quarter 1993 
264 1 |a Paris  |b OECD  |c 1993 
300 |a 392 s. 
490 1 |a IEA statistics 
830 0 |a IEA statistics 
610 2 0 |a energia 
610 2 0 |a ceny 
610 2 0 |a dane 
610 2 0 |a dovoz 
610 2 0 |a vývoz 
610 2 0 |a ropa 
610 2 0 |a uhlie 
610 2 0 |a plyn 
610 2 0 |a Česko 
610 2 0 |a Slovensko 
610 2 0 |a Poľsko 
610 2 0 |a Maďarsko